000 00465cam a22001217a 4500
008 180718b-- xxu||||| |||| 00| 0 eng d
082 _aL906x54113 R
245 _aReport of the Comptroller and Auditor General of India, Meghalaya (Revenue Receipts)
260 _aShillong
_bComptroller and Auditor General of India
_c--
500 _aLibrary has 2009/10-2010/11
650 _aAuditing - India - Meghalaya
700 _aMeghalaya. Comptroller and Auditor General of India
999 _c487590
_d487590